| 000 | 01943cam a2200649 c 4500 | ||
|---|---|---|---|
| 001 | 1605886203 | ||
| 003 | DE-627 | ||
| 005 | 20260206105745.0 | ||
| 007 | tu | ||
| 008 | 070608s2007 gw ||||| 00| ||ger c | ||
| 015 |
_a07,N21,0548 _2dnb |
||
| 016 | 7 |
_a98400727X _2DE-101 |
|
| 020 | _a9783451294778 | ||
| 024 | 3 | _a9783451294778 | |
| 035 | _a(DE-627)1605886203 | ||
| 035 | _a(DE-576)265427320 | ||
| 035 | _a(DE-599)BSZ265427320 | ||
| 035 | _a(OCoLC)237250417 | ||
| 035 | _a(OCoLC)173602008 | ||
| 035 | _a(DE-601)528638998 | ||
| 040 |
_aDE-627 _bger _cDE-627 _erakwb |
||
| 041 | _ager | ||
| 044 |
_cXA-DE-BW _cXA-CH _cXA-AT |
||
| 050 | 0 | _aHM711 | |
| 082 | 0 | _a302.14 | |
| 082 | 0 | 4 | _a320 |
| 084 |
_a320 _2sdnb |
||
| 084 |
_a3,6 _2ssgn |
||
| 084 |
_aMG 15040 _2rvk |
||
| 084 |
_aMG 15365 _2rvk |
||
| 084 |
_aMD 6300 _2rvk |
||
| 084 |
_a77.63 _2bkl |
||
| 084 |
_a89.53 _2bkl |
||
| 090 | _aa | ||
| 100 | 1 |
_aSchwan, Gesine _d1943- _4aut |
|
| 245 | 1 | 0 |
_aAllein ist nicht genug _bfür eine neue Kultur der Gemeinsamkeit _cGesine Schwan mit Susanne Gaschke |
| 260 |
_aFreiburg in Breisgau _bHerder Verlag _c2007 |
||
| 300 | _a220 S. | ||
| 583 | 1 |
_aArchivierung/Langzeitarchivierung gewährleistet _fPEBW _2pdager _5DE-31 |
|
| 650 | 4 | _aInterpersonal relations | |
| 650 | 4 | _aPolitical participation | |
| 650 | 4 |
_aPolitical participation _xGermany |
|
| 650 | 4 | _aSocial participation | |
| 650 | 4 |
_aSocial participation _xGermany |
|
| 650 | 4 | _aSocial values | |
| 651 | 4 |
_aGermany _xPolitics and government _x1990- |
|
| 651 | 4 |
_aGermany _xSocial conditions _x1990- |
|
| 700 | 1 |
_aGaschke, Susanne _d1967- _4oth |
|
| 856 | 4 | 2 |
_uhttp://www.gbv.de/dms/sub-hamburg/528638998.pdf _mV:DE-601 _mB:DE-18 _qpdf/application _yInhaltsverzeichnis _3Inhaltsverzeichnis |
| 936 | r | v | _aMG 15040 |
| 936 | r | v | _aMG 15365 |
| 936 | r | v | _aMD 6300 |
| 936 | b | k | _a77.63 |
| 936 | b | k | _a89.53 |
| 942 |
_2z _cB |
||
| 951 | _aBO | ||
| 999 |
_c374258 _d374258 |
||